I Estudio sobre prevención y consumo de drogas en la población general de lima metropolitana y el callao - 2013 (Registro nro. 7797)

Detalles MARC
000 -Cabecera
Campo de control interno 00521nam a2200181Ia 4500
005 - Fecha y hora del registro
control field 20260306160521.0
008 - Elementos de Longitud Fija
fixed length control field 260306t2014||||xx |||||||||||||| ||spa||
041 ## - Idioma
Codigo Idioma ESP
082 ## - DEWEY y NOTACIÓN INTERNA
Dewey 362.29
Notación Interna C76E
110 ## - AUTOR INSTTITUCIONAL
Autor Institucional Comisión Nacional para el Desarrollo y Vida sin Drogras
245 #0 - TÍTULO DE MATERIAL BIBLIOGRÁFICO
Título I Estudio sobre prevención y consumo de drogas en la población general de lima metropolitana y el callao - 2013
260 ## - CIUDAD, EDITORIAL, AÑO
Año 2014
300 ## - DESCRIPCIÓN
N° Páginas
Dimensiones
650 ## - TEMAS
Temas Generalidades
654 ## - PROGRAMAS
Programa Dpto. de Psicología
942 ## - ELEMENTOS DE KOHA
Tipo de documento Libro
Nombre del creador Justo Noguera
Código de catalogador Justo Noguera
Esquema de clasificación Dewey Decimal Classification
Suppress in OPAC
Existencias
Codigo completo Registro Colección Copia número Disponibilidad Tipo de préstamo Biblioteca Actual Procedencia (Biblioteca) Ubicacón Fecha Ingreso Tipo de Adquisición Date last seen Total checkouts Price effective from Tipo de Item Estado del Material Fuente de Clasificación Damaged status Withdrawn status
362.29 C76E 1031622 Universidad Católica San Pablo 1 Disponible Disponible Víctor Andrés Belaunde Víctor Andrés Belaunde Planta baja abierta 03/06/2026 Donación 06/03/2026   06/03/2026 Libro Bueno Dewey Decimal Classification